| 000 | 00585nam a2200217Ii 4500 | ||
|---|---|---|---|
| 003 | JO-AjNU | ||
| 008 | 230606s9999||||xx |||||||||||||| ||und|| | ||
| 020 | _a978-81-7446-569-6 | ||
| 040 |
_aJO-AjNU _beng _erda _cJO-AjNU |
||
| 041 | _aeng | ||
| 050 | 1 | 4 | _aHG221 2007 |
| 100 | 3 |
_aIyengar,G.Vijayaragavan, _eauthor _91379 |
|
| 245 | 0 | 0 | _aIntroduction to Banking |
| 250 | _a1 ed | ||
| 264 | 3 | 1 | _aNew Delhi: Excel Books, 2007 |
| 300 | _a642p | ||
| 336 |
_atext _btxt _2rdacontent |
||
| 337 |
_aunmediated _bn _2rdamedia |
||
| 338 |
_avolume _bnc _2rdacarrier |
||
| 650 | 4 |
_aBanking _91380 |
|
| 999 |
_aE728 _c728 _d728 |
||